000 00625nam a2200217Ia 4500
005 20241129104357.0
008 241129s9999||||xx |||||||||||||| ||und||
020 _a9789356403338
037 _aTextual
040 _aRTL
_beng
_cRTL
041 _aeng
_2eng
084 _aX:1:(S:44) R3
_qRTL
100 _aO'Shaughnessy John
245 0 _aConsumer behavior: Perspectives findings and explanations
_cO'Shaughnessy John
260 _aNew Delhi
_bBloomsbury
_c2023
300 _axi,520p.
365 _aINR
_b999
650 _aConsumer Behavior
942 _cTB
_hX:1:(S:44) R3
999 _c1225626
_d1225626